İletişim sistemlerinin planlanması (Record no. 926)

MARC details
000 -BAŞLIK
Sabit Uzunlukta Kontrol Alanı 00706na a2200241 4500
001 - KONTROL NUMARASI
Denetim Alanı 13740
003 - KONTROL NUMARASI IDENTIFIER
Denetim Alanı MIRAKIL
005 - SON İŞLEM TARİHİ VE ZAMANI
Denetim Alanı 20181213154806.0
008 - SABİT-BOY VERİ ELEMANLARI - GENEL BİLGİLER
Sabit Uzunlukta Kontrol Alanı 160918b tu 000 0
020 ## - ULUSLARARASI STANDART KİTAP NUMARASI
Uluslararası Standart Kitap Numarası 9755180265
040 ## - KATALOGLAMA KAYNAK
Orijinal Kataloglama Ajansı Milas
Kataloglama Dili tur
Metne Dönüştürmek Ajansı TR-AnCHP
082 ## - DEWEY ONLU SINIFLANDIRMA NUMARASI
Sınıflandırma Numarası 621.382
Ürün Numarası Ş34i 1993
090 ## - SINIFLAMA NUMARASI
Sınıflama Numarası 621.382 Ş34i 1993
100 ## - ANA GİRİŞ - KİŞİSEL İSİM
Kişisel Ad Şeker, Selim
245 ## - BAŞLIK TABLOSU
Başlık İletişim sistemlerinin planlanması
Sorumluluk Tablosu, Vb Selim Şeker
260 ## - YAYIN, DAĞITIM, VB
Yayın, Dağıtım, Vb Yeri İstanbul
Yayıncı, Dağıtıcı, Vs Adı Boğaziçi Üniversitesi
Yayın, Dağıtım, Vb Tarihi 1993
300 ## - FİZİKSEL TANIM
Kapsam iv, 144 s.
Diğer Fiziksel Ayrıntıları tabl. ; graf.
Boyutlar 24 sm.
490 ## - SERİSİ TABLOSU
Seri Beyanı Boğaziçi Üniversitesi yayınları
Hacim / Ardışık Tanımı 525
504 ## - KAYNAKÇA VB NOT
Kaynakça Vb Notu Kaynakça var.
650 ## - KONU KATMA GİRİŞ - TOPİKAL DÖNEM
Topikal Süreli Veya Coğrafi Ad Giriş Elemanı İletişim mühendisliği
650 ## - KONU KATMA GİRİŞ - TOPİKAL DÖNEM
Topikal Süreli Veya Coğrafi Ad Giriş Elemanı İletişim sistemleri
942 ## - EKLENDİ GİRİŞ ELEMANLARI (KOHA)
Sınıflandırma Veya Raf Düzeni Kaynak Dewey Decimal Classification
Koha Öğesi Türü Books
999 ## - SİSTEM KONTROL NUMARALARI (KOHA)
Koha Biblionumber 926
Koha Biblioitemnumber 926
Holdings
Kalıcı Konum Mevcut Konum Edinme Tarihi Edinim Kaynak Toplam Check-Out'Lar Tam Çağrı Numarası Barkod Tarih Son Görülme İtibaren Geçerli Fiyatlar Koha Öğesi Türü
CHP Kütüphanesi CHP Kütüphanesi 08/16/2016 Bağış   621.382 Ş34i 1993 001285 08/16/2016 08/16/2016 Books